Govt. of
Madhya Pradesh

HOW TO STOP WORRYING AND START LIVING (Record no. 67660)

MARC details
000 -LEADER
fixed length control field 00274nam a22001097a 4500
082 ## - DEWEY DECIMAL CLASSIFICATION NUMBER
Classification number 080/CAR
100 ## - MAIN ENTRY--AUTHOR NAME
Personal name Carnegie, Dale
245 ## - TITLE STATEMENT
Title HOW TO STOP WORRYING AND START LIVING
260 ## - PUBLICATION, DISTRIBUTION, ETC. (IMPRINT)
Place of publication Mumbai
Name of publisher Jaico Publishing House
Year of publication 2023
650 ## - SUBJECT ADDED ENTRY--TOPICAL TERM
Topical Term MOTIVATIONAL
942 ## - ADDED ENTRY ELEMENTS (KOHA)
Koha item type Books
Holdings
Withdrawn status Lost status Damaged status Not for loan Home library Current library Date acquired Cost, normal purchase price Full call number Accession Number Price effective from Koha item type
        MACL MACL 24/10/2024 199.00 080/CAR DPI003007 24/10/2024 Books